000 00423nam a2200205Ia 4500
001 14297
003 GE_BSU
008 181216s||||||||xx |||||||||||||| ||und||
020 _a0752863916
040 _cGE_BSU
080 _a821.111-312.4
100 _aConnelly,Michael.
245 4 _aThe Poet.
260 _aLondon
260 _bOrion
260 _c2003
300 _a481p.18cm.
653 _aThe Poet.
942 _cBK
999 _c47435
_d47435